| 000 | 00776cam a2200205 4500 | ||
|---|---|---|---|
| 001 | WS108681 | ||
| 008 | 000000n 000 0 eng u | ||
| 035 | _a(Sirsi) u108681 | ||
| 245 | _aUnited Kingdom Parliament | ||
| 520 | _aGood web site on the work of the Houses of Parliament including an alphabetical list of MPS, list of select committees, searchable versions on HL and HC Hansard since October 1996 and full text of Bills before Parliament. | ||
| 650 | _aHOUSE OF COMMONS | ||
| 650 | _aHOUSE OF LORDS | ||
| 650 | 0 | _aHANSARD | |
| 650 | _aBILLS | ||
| 650 | _aGOVERNMENT | ||
| 650 | _aHL DECISIONS | ||
| 650 | _aBUILT ENVIRONMENT-BUILDING INSPECTION | ||
| 856 | 4 | 0 |
_uhttps://www.parliament.uk _zView the website free of charge at www.parliament.uk... |
| 942 | _n0 | ||
| 999 |
_c119682 _d119682 |
||